书目信息 |
| 题名: |
中国乡村
|
|
| 作者: | 许学强 主编 | |
| 分册: | ||
| 出版信息: | 北京 科学出版社 1998.10 |
|
| 页数: | 301页 | |
| 开本: | 16开 | |
| 丛书名: | ||
| 单 册: | ||
| 中图分类: | F299.21-53 | |
| 科图分类: | ||
| 主题词: | 城市经济 , 市政经济 | |
| 电子资源: | ||
| ISBN: | 7-03-006786-X | |
| 000 | 00708nam0 2200217 45 | |
| 001 | 0010100972 | |
| 005 | 20031229172902.2 | |
| 010 | @a7-03-006786-X@dCNY40.00 | |
| 100 | @a20001010d1998 km y0chiy0120 ea | |
| 101 | 0 | @achi |
| 105 | @a z 000yy | |
| 200 | 1 | @a中国乡村@AZhong Guo Xiang Cun@e城市转型与协调发展@ECheng Shi Zhuan Xing Yu Xie Diao Fa Zhan@f许学强等主编@FXu Xue Qiang Deng Zhu Bian |
| 210 | @a北京@c科学出版社@d1998.10 | |
| 215 | @a301页@d16开 | |
| 517 | @a城市转型与协调发展@ACheng Shi Zhuan Xing Yu Xie Diao Fa Zhan | |
| 606 | 0 | @a城市经济 |
| 606 | 0 | @a市政经济 |
| 690 | @aF299.21-53@v3 | |
| 701 | 0 | @a许学强@4主编 |
| 801 | @aCN@bTSTC@c20001010 | |
| 905 | @b291619-621@dF299.21-53@e97@f3 | |
| 中国乡村:城市转型与协调发展/许学强等主编.-北京:科学出版社,1998.10 |
| 301页;16开 |
| ISBN 7-03-006786-X:CNY40.00 |
| ● |
| 相关链接 |
|
|
|
|
正题名:中国乡村
索取号:F299.21-53/97
 
预约/预借
| 序号 | 登录号 | 条形码 | 馆藏地/架位号 | 状态 | 备注 |
| 1 | 0291619 | 002916198 | 第一借阅区/ [索取号:F299.21-53/97] | 在馆 | |
| 2 | 0291620 | 002916205 | 密集书库-史法系/ [索取号:F299.21-53/97] | 在馆 | |
| 3 | 0291621 | 002916214 | 第一借阅区/ [索取号:F299.21-53/97] | 在馆 | |
| 4 | 0294920 | 002949206 | 第一借阅区/ [索取号:F299.21-53/97] | 在馆 | |
| 5 | 0294921 | 002949215 | 密集书库/ [索取号:F299.21-53/97] | 在馆 | |
| 6 | 0294922 | 002949224 | 密集书库/ [索取号:F299.21-53/97] | 在馆 | |
| 7 | 0294923 | 002949233 | 第一借阅区/ [索取号:F299.21-53/97] | 在馆 | |
| 8 | 0294924 | 002949242 | 密集书库/ [索取号:F299.21-53/97] | 在馆 |